French grammar in context
সংরক্ষণ করুন:
| প্রধান লেখক: | |
|---|---|
| বিন্যাস: | গ্রন্থ |
| ভাষা: | ইংরেজি |
| প্রকাশিত: |
Routledge
2021
|
| ট্যাগগুলো: |
ট্যাগ যুক্ত করুন
কোনো ট্যাগ নেই, প্রথমজন হিসাবে ট্যাগ করুন!
|
MARC
| LEADER | 00000nam a22000007a 4500 | ||
|---|---|---|---|
| 008 | 240619b |||||||| |||| 00| 0 eng d | ||
| 020 | |a 9781138588240 | ||
| 100 | |a JUBB, Margaret |a Rouxeville, Annie | ||
| 245 | |a French grammar in context |c / Margaret Jubb and Annie Rouxeville. |g x,259p;ill | ||
| 250 | |b 5th | ||
| 260 | |b Routledge |c 2021 |h New York |i 702208 |l PC2112.J87 |m French language--Grammar--Textbooks. |m French language--Grammar--Problems, exercises, etc |m French language--Textbooks for foreign speakers--English. |m French language--Readers. | ||
| 500 | |a it includes bibliographical references and index | ||
| 942 | |a lcc |c BK |e JOHNSON |f 19/06/24 | ||
| 952 | |0 0 |1 0 |2 lcc |4 0 |6 PC2112 J87 |7 0 |9 5314 |a ART |b HOL |c LP |d 2024-06-19 |l 0 |o PC2112.J87 |p 2024-0556 |r 2024-06-19 00:00:00 |t 702208 |w 2024-06-19 |y BK | ||
| 999 | |c 2633 |d 2633 | ||